Chinese business under socialism : The politics of domestic commers 1949-1980 (Record no. 1318996)

MARC details
000 -LEADER
fixed length control field 00612nam a2200193Ia 4500
005 - DATE AND TIME OF LATEST TRANSACTION
control field 20250507130324.0
008 - FIXED-LENGTH DATA ELEMENTS--GENERAL INFORMATION
fixed length control field 008 250505s9999 xx 000 0 eng d
037 ## - SOURCE OF ACQUISITION
Stock number Annuals, Advances
040 ## - CATALOGING SOURCE
Original cataloging agency EASL
Language of cataloging eng
Transcribing agency EASL
041 ## - LANGUAGE CODE
Language code of text/sound track or separate title eng
Source of code eng
084 ## - COLON CLASSIFICATION NUMBER
Classification number X5.41.N80, M4
Assigning agency EASL
100 ## - MAIN ENTRY--PERSONAL NAME
Personal name Solinger Doroth J
9 (RLIN) 654920
245 #0 - TITLE STATEMENT
Title Chinese business under socialism : The politics of domestic commers 1949-1980
260 ## - PUBLICATION, DISTRIBUTION, ETC.
Place of publication, distribution, etc. UK
Name of publisher, distributor, etc. London University of California Press
Date of publication, distribution, etc. 1984
300 ## - PHYSICAL DESCRIPTION
Extent 368p.
365 ## - TRADE PRICE
Price type code
Price amount 40.25
942 ## - ADDED ENTRY ELEMENTS (KOHA)
Koha item type Textual
Classification part X5.41.N80, M4

No items available.

Copyright @ Delhi University Library System